| 000 | 00615nam a2200253Ia 4500 | ||
|---|---|---|---|
| 008 | 180803s9999 xx 000 0 und d | ||
| 020 | _a9780545239998 | ||
| 050 | _bE532 2009 | ||
| 100 | _aEmberley, Rebecca | ||
| 245 | 0 | _aChicken little / | |
| 245 | 0 | _cby Rebecca Emberley and Ed Emberley. | |
| 260 | _aBroadway, New York : | ||
| 260 | _bScholastic, | ||
| 260 | _c2009 | ||
| 300 | _aunpaged : | ||
| 300 | _bcolored ; | ||
| 300 | _c25cm. | ||
| 500 | _a500 | ||
| 650 | _aDomestic animals -- | ||
| 650 | _aDomestic animals. | ||
| 650 | _xFolklore. | ||
| 700 | _aEmberley, Ed. | ||
| 700 | _aTitle. | ||
| 999 |
_c358286 _d358286 |
||